Entry Personal Name
Number of records used in: 1
001 - CONTROL NUMBER
003 - CONTROL NUMBER IDENTIFIER
005 - DATE AND TIME OF LATEST TRANSACTION
- control field:
20220926141451.0
008 - FIXED-LENGTH DATA ELEMENTS
- fixed length control field:
080327n| acannaabn |n aaa
010 ## - LIBRARY OF CONGRESS CONTROL NUMBER
- LC control number:
n 2008022199
040 ## - CATALOGING SOURCE
- Original cataloging agency:
DLC
- Language of cataloging:
eng
- Transcribing agency:
DLC
100 1# - HEADING--PERSONAL NAME
- Personal name:
Afoakwa, Emmanuel Ohene
670 ## - SOURCE DATA FOUND
- Source citation:
Afoakwa, Emmanuel Ohene. Canning technology recent advances through optimization and modelling techniques, c2008:
- Information found:
ECIP t.p. (Emmanuel Ohene Afoakwa) ECIP data view (Afoakwa, Emmanuel Ohene; Centre for Food Quality, S.I.P.B.S., Univ. of Strathclyde, U.K., and the Univ. of Ghana)